01123nac a22002891i 4500003000900000005001700009008004100026020002700067020002400094040004300118082002400161100004400185245008100229264003900310264001000349300005800359336002600417337002800443338002700471504005100498650003200549650005900581655001700640942001200657999001500669952014900684EG-ScBUE20230531095847.0230531t2007 enkab f b 001 0 eng d a9780712306898 (hbk.) : a0712306898 (hbk.) : aEG-ScBUEbengerdacEG-ScBUEdEG-ScBUE04a745.619927bBAK2221 aBaker, Colin F., eauthor.10aQur’an manuscripts :bcalligraphy, illumination, design /cColin F. Baker. 1aLondon :bBritish Library,c[2007] 4cc2007 a112 pages :bcolor illustrations, color maps ;c27 cm 2rdacontentatextbtxt 2rdamediaaunmediatedbn 2rdacarrieravolumebnc aIncludes bibliographical references and index. 7aIslamic calligraphy.2BUEsh 7aIllumination of books and manuscripts, Islamic.2BUEsh vReading book cBB2ddc c9128d9128 00102ddc40708BaccahaMAINbMAINc2NDd2015-04-08ePurchasel1m1o745.619927 BAKp000011164r2025-07-15 00:00:00s2018-12-16w2008-04-15yBB